| 000 | 00426nam a2200169Ia 4500 | ||
|---|---|---|---|
| 008 | 191121s9999||||xx |||||||||||||| ||und|| | ||
| 020 | _a9280111752 | ||
| 040 | _aIMU-MPC | ||
| 082 | _aColumn-5 | ||
| 100 | _aIMO | ||
| 245 | 0 | _aResolutions and other decisions (resolutions 513-557) : Assembly, Thirteenth Session, 7-18 November 1983 | |
| 260 | _aLondon | ||
| 260 | _bIMO | ||
| 260 | _c1984 | ||
| 300 | _a370 | ||
| 942 | _cBK | ||
| 999 |
_c2146 _d2146 |
||